Concepts in International Relations : (Registro nro. 326291)

Detalles MARC
000 -ENCABEZADO
Número de control [NR] 01231nam a22002777a 4500
005 - FECHA Y HORA DE LA ÚLTIMA TRANSACCIÓN
control field 20260423083555.0
008 - DE LONGITUD FIJA DE DATOS DE ELEMENTOS - INFORMACIÓN GENERAL
Elementos de longitud fija [NR] 260422t2025 |||||||| |||| 00| 0 eng d
020 ## - NUMERO INTERNACIONAL NORMALIZADO PARA LIBROS [R]
Número Internacional Normalizado del libro [NR] 9781529669947
040 ## - FUENTE DE CATALOGACION [NR]
Agencia de catalogación original [NR] CO-BoUCM
Idioma de catalogación [NR] spa
Quien Cataloga Stefania Borbon
Quien Clasifica Stefania Borbon
041 ## - CODIGO DE IDIOMA [R]
Código de idioma para texto/pista de sonido o título separado [R] Inglés
245 ## - MENCION DE TITULO [NR]
Título [NR] Concepts in International Relations :
Parte restante del título [NR] a new introduction /
Mención de responsabilidad, etc. [NR] editado por Felix Berenskoötter
260 ## - PUBLICACION, DISTRIBUCION, ETC. (PIE DE IMPRENTA) [R]
Lugar de publicación, distribución, etc. [R] London :
-- Orlando, FL :
Nombre del editor, distribuidor, etc. [R] SAGE Publications,
Fecha de publicación, distribución, etc. [R] 2026
300 ## - DESCRIPCION FISICA [R]
Extensión [R] xxiv, 450 páginas :
Otros detalles físicos [NR] ilustraciones
504 ## - NOTA DE BIBLIOGRAFIA, ETC. [R]
Nota de bibliografía, etc. [NR] Incluye referencias bibliográficas e índices
520 ## - NOTA DE RESUMEN, ETC. [R]
Nota de sumario, etc. [NR] Provee una introducción a la teoría de las relaciones internacionales enfocada en conceptos fundamentales como poder, seguridad, género y medio ambiente, analizando cómo estos enmarcan los debates y acciones políticas a nivel global.
650 ## - ASIENTO SECUNDARIO DE MATERIA - TERMINO TEMATICO [R]
Término temático o nombre geográfico como elemento de entrada [NR] Relaciones internacionales
9 (RLIN) 8042
650 ## - ASIENTO SECUNDARIO DE MATERIA - TERMINO TEMATICO [R]
Término temático o nombre geográfico como elemento de entrada [NR] Ciencia política
9 (RLIN) 340
650 ## - ASIENTO SECUNDARIO DE MATERIA - TERMINO TEMATICO [R]
Término temático o nombre geográfico como elemento de entrada [NR] Teoría política
9 (RLIN) 25330
700 ## - ASIENTO SECUNDARIO - NOMBRE PERSONAL [R]
Nombre personal [NR] Berenskoötter, Felix
9 (RLIN) 188778
700 ## - ASIENTO SECUNDARIO - NOMBRE PERSONAL [R]
Nombre personal [NR] Freyberg-Inan, Annette
9 (RLIN) 188779
700 ## - ASIENTO SECUNDARIO - NOMBRE PERSONAL [R]
Nombre personal [NR] Koschut, Simon
9 (RLIN) 188780
700 ## - ASIENTO SECUNDARIO - NOMBRE PERSONAL [R]
Nombre personal [NR] Gani, Jasmine K
9 (RLIN) 188781
700 ## - ASIENTO SECUNDARIO - NOMBRE PERSONAL [R]
Nombre personal [NR] Aalberts, Tanja
9 (RLIN) 188782
942 ## - ELEMENTOS DE ENTRADA AGREGADOS (KOHA)
Sistema de clasificación DEWEY
Tema principal Ciencia política
Tipo de ítem principal el descrito en 300a Libro
Edición 1
Clasificación 327
Parte restante de la signatura top. B489
Existencias
Total préstamos Signatura topográfica Código de barras Última vez visto Ejemplar Price effective from Tipo de ítem Perdido Sistema de clasificación Dañado No prestable Tipo de ítem específico Suprimido Ubicación habitual Ubicación actual Localización Fecha de creación Forma de adquisición Costo
  327 B489 100175168 23/04/2026 Ej.1 22/04/2026 Libro   DEWEY     Libro   Claustro Claustro 3er piso 22/04/2026 Compra 211560.00